Strategic management in Tourism and Hospitality industry/ (Record no. 98807)

MARC details
000 -LEADER
fixed length control field 00974nam a22002657a 4500
003 - CONTROL NUMBER IDENTIFIER
control field URS
005 - DATE AND TIME OF LATEST TRANSACTION
control field 20260224080402.0
008 - FIXED-LENGTH DATA ELEMENTS--GENERAL INFORMATION
fixed length control field 260224b |||||||| |||| 00| 0 eng d
020 ## - INTERNATIONAL STANDARD BOOK NUMBER
International Standard Book Number 9789719655862
040 ## - CATALOGING SOURCE
Original cataloging agency DLC
Language of cataloging eng
Transcribing agency DLC
Modifying agency URS
Description conventions rda
050 ## - LIBRARY OF CONGRESS CALL NUMBER
Classification number G 155.A1
Item number B8621 2024
100 ## - MAIN ENTRY--PERSONAL NAME
Personal name Buenaventura, John Paul
245 ## - TITLE STATEMENT
Title Strategic management in Tourism and Hospitality industry/
Statement of responsibility, etc. John Paul Buenaventura and Liberty Buenaventura-Gutierrez.-
264 ## - PRODUCTION, PUBLICATION, DISTRIBUTION, MANUFACTURE, AND COPYRIGHT NOTICE
Place of production, publication, distribution, manufacture Intramuros, Manila:
Name of producer, publisher, distributor, manufacturer Mindshapers Co., Inc.,
Date of production, publication, distribution, manufacture, or copyright notice c2024
300 ## - PHYSICAL DESCRIPTION
Extent x,
Other physical details 158 pages :illustrations (black and white) ;
Dimensions 26 centimeters.
336 ## - CONTENT TYPE
Source rdacontent
Content type term text
Content type code txt
337 ## - MEDIA TYPE
Source rdamedia
Media type term unmediated
Media type code n
338 ## - CARRIER TYPE
Source rdacarrier
Carrier type term volume
Carrier type code nc
504 ## - BIBLIOGRAPHY, ETC. NOTE
Bibliography, etc. note Includes references.
546 ## - LANGUAGE NOTE
Language note In English text.
650 ## - SUBJECT ADDED ENTRY--TOPICAL TERM
Source of heading or term Tourism - Management- Philippines
650 ## - SUBJECT ADDED ENTRY--TOPICAL TERM
Source of heading or term Hospitality Industry
700 ## - ADDED ENTRY--PERSONAL NAME
Personal name Gutierrez, Liberty Buenaventura
942 ## - ADDED ENTRY ELEMENTS (KOHA)
Source of classification or shelving scheme Library of Congress Classification
Koha item type Filipiniana
Classification part G 155.A1
Item part B8621 2024
Holdings
Withdrawn status Source of classification or shelving scheme Damaged status Not for loan Home library Current library Shelving location Date acquired Total Checkouts Full call number Barcode Date last seen Price effective from Koha item type
  Library of Congress Classification     Angono College Library Angono College Library Filipiniana Section 02/24/2026   G 155.A1 B8621 2024 URSANG-7709 02/24/2026 02/24/2026 Filipiniana

University of Rizal System
Email us at univlibservices@urs.edu.ph

Visit our Website www.urs.edu.ph/library